Sociology : (Record no. 168394)
[ view plain ]
| 000 -LEADER | |
|---|---|
| fixed length control field | 00889nam a2200241 a 4500 |
| 001 - CONTROL NUMBER | |
| control field | vtls000610360 |
| 003 - CONTROL NUMBER IDENTIFIER | |
| control field | MY-SjTCS |
| 005 - DATE AND TIME OF LATEST TRANSACTION | |
| control field | 20200226120650.0 |
| 008 - FIXED-LENGTH DATA ELEMENTS--GENERAL INFORMATION | |
| fixed length control field | 110218s1994 nyu 000 0 eng |
| 020 ## - INTERNATIONAL STANDARD BOOK NUMBER | |
| International Standard Book Number | 006501359X |
| 039 #9 - LEVEL OF BIBLIOGRAPHIC CONTROL AND CODING DETAIL [OBSOLETE] | |
| Level of rules in bibliographic description | 201408121523 |
| Level of effort used to assign nonsubject heading access points | patrick |
| Level of effort used to assign subject headings | 201205111129 |
| Level of effort used to assign classification | wilmina |
| Level of effort used to assign subject headings | 201102181215 |
| Level of effort used to assign classification | VLOAD |
| -- | 200407271827 |
| -- | VLOAD |
| 082 04 - DEWEY DECIMAL CLASSIFICATION NUMBER | |
| Classification number | 301 |
| Item number | THI |
| 100 1# - MAIN ENTRY--PERSONAL NAME | |
| Personal name | Thio, Alex. |
| 9 (RLIN) | 3273 |
| 245 10 - TITLE STATEMENT | |
| Title | Sociology : |
| Remainder of title | a brief introduction / |
| Statement of responsibility, etc. | Alex Thio. |
| 250 ## - EDITION STATEMENT | |
| Edition statement | 2nd ed. |
| 260 ## - PUBLICATION, DISTRIBUTION, ETC. | |
| Place of publication, distribution, etc. | New York : |
| Name of publisher, distributor, etc. | Harper Collins College, |
| Date of publication, distribution, etc. | c1994. |
| 300 ## - PHYSICAL DESCRIPTION | |
| Extent | x, 442 p. ; |
| Dimensions | 26 cm. |
| 525 ## - SUPPLEMENT NOTE | |
| Supplement note | Accompanied by : Societies : a multi-cultural reader to accompany Alex Thio's sociology : a brief introduction 2nd ed. / Peter B. Morrill (xi, 76 p.; 26 cm.), c1994. ISBN 0065021649 |
| 590 ## - LOCAL NOTE (RLIN) | |
| Local note | HSB4M |
| 650 #0 - SUBJECT ADDED ENTRY--TOPICAL TERM | |
| Topical term or geographic name entry element | Sociology. |
| 700 1# - ADDED ENTRY--PERSONAL NAME | |
| Personal name | Morril, Peter B. |
| 9 (RLIN) | 84857 |
| 920 ## - Programme | |
| Programme | CPU : 60785, 60782, 60783 |
| Withdrawn status | Lost status | Source of classification or shelving scheme | Damaged status | Not for loan | Home library | Current library | Date acquired | Serial Enumeration / chronology | Total Checkouts | Barcode | Date last seen | Date last checked out | Copy number | Koha item type | Public note | Collection code |
|---|---|---|---|---|---|---|---|---|---|---|---|---|---|---|---|---|
| Withdrawn | Dewey Decimal Classification | Taylor's Library-TU | TU External Storage-LCS | 11/03/2009 | 2 | 5000054817 | 12/12/2019 | 06/09/2010 | 1 | Main Collection | CPUxx,02000,02,GR | Please fill up online form at https://taylorslibrary.taylors.edu.my/services/external_storage1 | ||||
| Withdrawn | Dewey Decimal Classification | Taylor's Library-TU | TU External Storage-LCS | 11/03/2009 | 1 | 5000054776 | 12/12/2019 | 11/03/2009 | 1 | Main Collection | CPUxx,02000,02,GR | Please fill up online form at https://taylorslibrary.taylors.edu.my/services/external_storage1 | ||||
| Withdrawn | Dewey Decimal Classification | Taylor's Library-TC | Taylor's Library-TC | 11/03/2009 | M-Cultural Reader | 5000059233 | 12/12/2019 | 11/03/2009 | 1 | Main Collection | CPUxx,02000,01,GR |